Irrelevant or indispensable? : the United Nations in the twenty-first century /

Bibliographic Details
Corporate Author: NetLibrary, Inc
Other Authors: Heinbecker, Paul, 1941-, Goff, Patricia M.
Format: eBook
Language:English
Published: Waterloo, Ont. : Wilfrid Laurier University Press, 2005.
Subjects:
Online Access:Connect to the full text of this electronic book

MARC

Tag First Indicator Second Indicator Subfields
LEADER 00000cam a2200000Ia 4500
001 in00002118813
005 20190326103931.0
006 m d
007 cr cnu---unuuu
008 050728s2005 onc sb 100 0 eng d
020 |a 1423717260 (electronic bk.) 
035 |a (OCoLC)ocm61160179 
040 |a N$T  |c N$T  |d UtOrBLW 
049 |a IICN 
050 1 4 |a JZ4984  |b I77 2005eb 
082 0 4 |a 341.23/01/3  |2 22 
245 0 0 |a Irrelevant or indispensable? :  |b the United Nations in the twenty-first century /  |c Paul Heinbecker and Patricia Goff, editors. 
264 1 |a Waterloo, Ont. :  |b Wilfrid Laurier University Press,  |c 2005. 
300 |a 1 volume 
336 |a text  |b txt  |2 rdacontent 
337 |a computer  |b c  |2 rdamedia 
338 |a online resource  |b cr  |2 rdacarrier 
500 |a Papers from a conference titled: The UN : adapting to the 21st century, held April 4, 2005, in Waterloo, Ont. 
504 |a Includes bibliographical references. 
533 |a Electronic reproduction.  |b Boulder, Colo. :  |c NetLibrary,  |d 2005.  |n Available via World Wide Web.  |n Access may be limited to NetLibrary affiliated libraries. 
500 |a Electronic resource. 
610 2 0 |a United Nations  |v Congresses. 
650 0 |a Security, International  |v Congresses. 
650 0 |a Economic development  |v Congresses. 
655 7 |a Electronic books.  |2 local 
700 1 |a Heinbecker, Paul,  |d 1941- 
700 1 |a Goff, Patricia M. 
710 2 |a NetLibrary, Inc. 
776 1 |c Original  |z 0889204934  |w (OCoLC)60602220 
856 4 0 |u http://proxy.library.tamu.edu/login?url=http://www.netLibrary.com/urlapi.asp?action=summary&v=1&bookid=135473  |z Connect to the full text of this electronic book  |t 0 
994 |a 92  |b IIC 
999 |a MARS 
999 f f |s bf172bca-562e-3e08-8d57-a3b9b685f3b9  |i 26bc464e-2754-34b0-aee6-42b8f60188f6  |t 0 
952 f f |a Texas A&M University  |b College Station  |c Electronic Resources  |d Available Online  |t 0  |e JZ4984 I77 2005eb  |h Library of Congress classification 
998 f f |a JZ4984 I77 2005eb  |t 0  |l Available Online